000 00816 a2200229 4500
001 4205
005 20260407155432.0
008 260407a2011 arg spa d
003 AR-UNSa-BCEJYS
040 _aAR-UNSa-BCEJYS
_bspa
_cAR-UNSa-BCEJYS
080 _a343.13(094.4)
_xCódigo Procesal Penal
245 1 0 _aCódigo Procesal Penal de la República Argentina
_pLeyes complementarias. Índice alfabético y temático
020 _a978-950-534-049-1
250 _a21a. ed.
264 1 _aBuenos Aires :
_bA-Z Editora
_c2011
300 _aix, 290 p.
_c23 cm.
041 _aspa
942 _cBK
590 _aniveau_biblio:m niveau_hierar:0
100 1 _aArgentina (Código Procesal Penal)
856 4 1 _uhttps://biblioeco.unsa.edu.ar/pmb/images/libros/Codigo Procesal Penal-l118363.jpg
_yImagen de portada
_qimage/jpeg
999 _c398
_d398